00551nam a2200169 a 450000500170000000800410001702000180005805000190007610000210009524500830011626000630019930000160026244000240027850000290030265000280033165000220035920140412111300.0000831s19uu xx 00 eng d a0-15-331238-6 aBBbWh556 1989 aPeck, Pauline C. aWhere can racoon rest? /cBy Pauline C. Peck ; illustrated by Christa Kieffer. aOrlando, Florida :bHarcourt Brace Jovanovich, Inc,c1989. a8 p. ; ill. aHBJ Reading Program aIllustrated picture book aRacoons stories-Fiction aChildrens stories